00634nam a2200121Ia 4500008004100000020002200041041001200063100015800075245003800233260004100271440004100312650015900353231221s9999 xx 000 0 und d a978-1-4020-2106-0 aEnglish aRobert Clark, David Cox, H. C. Curtiss, John W. Edwards, Kenneth C. Hall, David A. Peters, Robert Scanlan, Emil Simiu, Fernando Sisto, Thomas W. Strganac 2aA Modern Course in Aeroelasticity c2005bSpringer NetherlandsaNew York aSolid Mechanics and Its Applications aVibration, Dynamical Systems, Control; Automotive Engineering; Mechanical Engineering; Civil Engineering; Mathematical Modeling and Industrial Mathematics